00502 2200181 4500245010200000020002200102250001100124100002100135700002400156700002200180650001400202005001900216260002400235041001400259084001200273300002600285336000900311 aDeteksi Dini Terorisme b : Mengenal Cikal Bakal Sifat - Sifat TerorismecRudi SyahabuddinhText a978-602-8822-17-6 aCet. 1 aRudi Syahabuddin aHika D. Asril Putra aZusiyanah Samosir aTerorisme a20230224160845 aBekasibPijarc2010 aIndonesia a303.625 avi, 100 hlm. :cilus. atext